15 Największych miast w Polsce na mapie - Statystyki

Ogólne statystyki
  • Ten quiz został rozwiązany 43 razy
  • Średni wynik to 14 z 15
Odpowiedzi na mapie
Odpowiedzi zakodowano w zielono-czerwonej skali na mapie do tego quizu, zgodnie z poniższymi procentami.
 
Statystyki odpowiedzi
Populacja Miasto % Poprawnych
290k Białystok
100%
490k Gdańsk
100%
650k Łódź
100%
540k Poznań
100%
1,8 million Warszawa
100%
670k Wrocław
100%
240k Gdynia
97%
280k Katowice
97%
810k Kraków
97%
390k Szczecin
97%
330k Lublin
94%
330k Bydgoszcz
92%
200k Rzeszów
92%
200k Radom
83%
205k Częstochowa
81%
Nie znaleziono quizów pasujących do podanych kryteriów
Rozkład punktacji
Procent ludzi z każdym wynikiem
Percentyl według liczby udzielonych odpowiedzi
Twoja historia wyników
Nie rozwiązałeś tego quizu